| 000 | 00610cam a22002053 4500 | ||
|---|---|---|---|
| 001 | tmp92006454 | ||
| 003 | DLC | ||
| 005 | 20260227112753.0 | ||
| 008 | 050606s nyu 000 0 eng | ||
| 010 | _atmp92006454 | ||
| 040 |
_aDLC _cDLC |
||
| 050 | 0 | 0 |
_aPR2342.A6 _bH5 |
| 100 | 1 |
_aHill, Herbert Wynford, _d1875- |
|
| 245 | 0 | 0 |
_aSidney's Arcadia and the Elizabethan drama, _cby Herbert Wynford Hill. |
| 260 |
_a[Reno, Nev.] _c1908. |
||
| 300 |
_a59 p. _c24 cm. |
||
| 490 | 0 |
_aUniversity of Nevada studies, _vv. 1, no. 1 |
|
| 440 | 0 |
_aUniversity of Nevada bulletin, _vv. 2, no. 1 |
|
| 500 | _aCaption title. | ||
| 999 |
_c91044 _d91044 |
||